Estonia in the Eurovision Song Contest - Statistics

General Stats
  • This quiz has been taken 34 times
    5 since last reset
  • The average score is 12 of 31
Answer Stats
Answer % Correct
Hope
100%
Too Epic to Be True
100%
Amazing
75%
Bridges
75%
Espresso Macchiato
75%
La forza
75%
Play
75%
Storm
75%
The Lucky One
75%
Verona
75%
Everybody
50%
Goodbye to Yesterday
50%
Kuula
50%
Rändajad
50%
Rockefeller Street
50%
Eighties Coming Back
25%
Et uus saaks alguse
25%
Leto svet
25%
Runaway
25%
Siren
25%
Diamond of Night
0%
Kaelakee hääl
0%
Keelatud maa
0%
Let's Get Loud
0%
Mere lapsed
0%
Nagu merelaine
0%
(nendest) narkootikumidest ei tea me (küll) midagi
0%
Once in a Lifetime
0%
Partners in Crime
0%
Through My Window
0%
Tii
0%
No matching quizzes found
Score Distribution
Percent of People with Each Score
Percentile by Number Answered
Your Score History
You have not taken this quiz since the last reset